00499nam a2200181Ia 450000500170000000800410001702000150005808200130007310000130008624500270009926000380012630000130016465000130017765000110019094200060020195200950020799900150030220250626023550.0240331s9999 xx 000 0 und d a9559348345 bRUSa392 aRussal,B 0aVivahaya ha saradharma aColombobSooriya Publishersc1998 a179 p ., aMarriage aMorale cL 001040708LaWERCLbWERCLcSSCd2024-03-31l0o 392 RUSp4852r2024-03-31w2024-03-31yL c5240d5240